000 nam a22 7a 4500
999 _c7378
_d7378
008 170821b xxu||||| |||| 00| 0 eng d
100 _93911
_aSingh.n etal
245 _aSECONDARY PHYSICS FOR US CLASS X
260 _aNEW DELHI
_bARYA PUBLISHING COM
_c2008